Click a Car Logo Quiz Stats

 Plays Quiz Updated Jun 4, 2018

Score 0/21 Timer 03:00
3 Plays Today
% Correct
Honda
96.1%
BMW
95%
Mercedes
94.8%
Subaru
94.4%
Volkswagen
94.3%
Chevrolet
93.5%
Audi
92.7%
Porsche
91.9%
Mazda
91%
Toyota
90.6%
Bentley
90.2%
% Correct
Citroen
88.4%
Jaguar
87.9%
Cadillac
87.1%
Renault
86%
Mitsubishi
83.8%
Dodge
83.1%
Chrysler
81.5%
Ferrari
80.8%
Peugeot
77.7%
Maserati
72.4%

You're not logged in!

Compare scores with friends on all Sporcle quizzes.
OR
Log In

You Might Also Like...

Show Comments

Extras

Top Quizzes Today


Score Distribution

Your Account Isn't Verified!

In order to create a playlist on Sporcle, you need to verify the email address you used during registration. Go to your Sporcle Settings to finish the process.

Report this User

Report this user for behavior that violates our Community Guidelines.

Details: